| 000 | 00586nam a2200181Ia 4500 | ||
|---|---|---|---|
| 003 | GCL | ||
| 008 | 140319s9999 xx 000 0 ara d | ||
| 040 |
_aGCL / _cGCL |
||
| 082 | 0 | 4 |
_a812.9 _bس د |
| 100 | 1 | _aسامية حبيب | |
| 245 | 1 | 0 |
_aدلالة المقاومة فى مسرح عبدالرحمن الشرقاوى / _cسامية حبيب |
| 300 | _a227 ص | ||
| 490 |
_aدراسات ادبية _v0 |
||
| 650 | 0 | 4 | _aالمسرح العربى |
| 650 | 0 | 4 | _aعبدالرحمن الشرقاوى |
| 650 | 0 | 4 | _aالمسرح العربى -العصر الحديث |
| 942 |
_2ddc _cBK |
||
| 999 |
_c50035 _d50035 |
||